000 00510nam a22001817a 4500
003 CEME
005 20210628203110.0
008 210218b xxu||||| |||| 00| 0 eng d
020 _a81-7808-168-7
040 _c.
082 _a005.16 JAC
100 _aBooch, Grady,Jacobson, Ivar, Rumbaugh, James
_963295
245 _aThe unified software development process
260 _aINDIA
_bPEARSON EDUCATION ASIA
_c2002
300 _aXXIX,463P
650 _aSOFTWARE DEVELOPMENT PROCESS
_963296
942 _cBK
_2ddc
999 _c572163
_d572163